|
|
|
|
| LEADER |
01460nam a2200301 u 4500 |
| 001 |
10117952 |
| 003 |
GR-PaULI |
| 005 |
20240717135503.0 |
| 008 |
151015s2007 gr gre |
| 952 |
|
|
|0 0
|1 0
|4 0
|6 230_000000000000000_STE
|7 0
|9 185415
|a PHIL
|b PHIL
|d 2016-04-24
|i 10787
|l 1
|o 230 STE
|p 025000185747
|r 2025-01-13 10:33:12
|s 2024-12-09
|t 1
|w 2016-04-24
|y BK15
|
| 952 |
|
|
|0 0
|1 0
|2 ddc
|4 0
|6 230_000000000000000_STE
|7 0
|9 368409
|a LISP
|b LISP
|c DON
|d 2023-02-06
|e ΠΑΤ
|i 147279
|l 0
|o 230 STE
|p 025000273693
|r 2023-02-06 00:00:00
|t 2
|w 2023-02-06
|y BKN
|
| 999 |
|
|
|c 114230
|d 114230
|
| 020 |
|
|
|a 9789603257028
|
| 040 |
|
|
|a GR-PaULI
|c GR-PaULI
|b gre
|e AACR2
|
| 041 |
1 |
|
|a gre
|h eng
|
| 082 |
0 |
4 |
|a 230
|2 23
|
| 100 |
1 |
|
|a Steiner, George,
|d 1929-2020
|4
|e συγγραφέας.
|9 7148
|
| 245 |
1 |
0 |
|a Νοσταλγία του απόλυτου /
|c George Steiner ; μετάφραση Παλμύρα Ισμυρίδου.
|
| 260 |
|
|
|a Αθήνα :
|b Άγρα,
|c 2007.
|
| 300 |
|
|
|a 108 σ. ;
|c 21 εκ.
|
| 500 |
|
|
|a Τίτλος πρωτοτύπου: Nostalgia for the absolute.
|
| 600 |
1 |
4 |
|9 167707
|a Marx, Karl,
|d 1818-1883.
|
| 650 |
|
4 |
|a Χριστιανισμός
|y 20ός αιώνας.
|9 146881
|
| 650 |
|
4 |
|9 41046
|a Φιλοσοφία και θρησκεία
|
| 700 |
1 |
|
|a Ισμυρίδου, Παλμύρα,
|d 1958-
|4
|e μεταφράστρια.
|9 149561
|
| 765 |
|
|
|i Μετάφραση του:
|t Nostalgia for the absolute.
|
| 942 |
|
|
|2 ddc
|c BK15
|
| 998 |
|
|
|c ΚΑΝΕΛΛΟΠΟΥΛΟΥ
|d 2015-10
|